Código de derecho canónico

Uloženo v:
Podrobná bibliografie
Hlavní autoři: Aznar Gil, Federico (Autor), Díaz Moreno, José María (Autor), García Matamoro, Luis A (Autor), San José Prisco, José (Autor)
Korporativní autor: Universidad Pontificia de Salamanca (Autor)
Další autoři: Cortés Diéguez, Myriam (coordinadora)
Médium: Kniha
Jazyk:španělština
Vydáno: Madrid Biblioteca de Autores Cristianos 2013
Vydání:6a. ed
Edice:Biblioteca de Autores Cristianos, 442
Témata:
Tagy: Přidat tag
Žádné tagy, Buďte první, kdo vytvoří štítek k tomuto záznamu!

MARC

LEADER 00000cam a2200000 a 4500
001 UCE6967
003 CL-VaPUC
008 150514e20130000sp |||||||||||||||||spa|d
020 |a 9788422016960 
082 0 4 |a 262.9  |b AZN  |2 21 
100 |a Aznar Gil, Federico  |e author  |9 579688 
700 |a Cortés Diéguez, Myriam  |e coordinadora  |9 579689 
700 0 |a Díaz Moreno, José María  |e author  |9 485846 
700 0 |a García Matamoro, Luis A  |e author  |9 579690 
700 0 |a San José Prisco, José  |e author  |9 579691 
110 2 |a Universidad Pontificia de Salamanca  |e author  |9 579692 
245 1 0 |a Código de derecho canónico 
250 |a 6a. ed 
300 |a 1331 p 
942 |c BK 
945 |d 20150514 13:01:00  |a arojas 
260 |a Madrid  |b Biblioteca de Autores Cristianos  |c 2013 
500 |a Edición bilingüe comentada 
650 7 |a DERECHO CANONICO  |2 CL-VaPUC  |9 579693 
650 0 |a Jurisprudencia  |9 255952 
650 0 |a Cristianismo  |9 257361 
650 7 |a IGLESIA Y SOCIEDAD  |2 CL-VaPUC  |9 399674 
650 0 |a Iglesia y Estado  |9 254995 
650 0 |a Iglesia Católica  |9 256114 
583 |a last modification  |c 20150514 13:01:00  |k Rodrigo Vera 
490 0 |a Biblioteca de Autores Cristianos, 442 
999 |c 359132  |d 359130 
952 |0 0  |1 0  |3 erd  |4 0  |6 262_900000000000000_AZN_2013  |7 0  |8 A  |9 468171  |a BIBTEO  |b BIBTEO  |i 5149452  |l 13  |m 9  |o 262.9 AZN 2013  |p 5149452  |q 2024-07-31  |r 2022-01-03  |s 2022-01-03  |w 2019-11-23  |y BK  |z Catalogado en:20150514  |k ICR 
952 |0 0  |1 0  |3 erd  |4 0  |6 262_900000000000000_AZN_2013  |7 0  |8 A  |9 468172  |a BIBTEO  |b BIBTEO  |i 5149460  |o 262.9 AZN 2013  |p 5149460  |r 2025-01-17  |w 2019-11-23  |y BK  |z Catalogado en:20150514  |k ICR 
952 |0 0  |1 0  |3 erd  |4 0  |6 262_900000000000000_AZN_2013  |7 0  |8 A  |9 468173  |a BIBTEO  |b BIBTEO  |i 5149479  |l 1  |o 262.9 AZN 2013  |p 5149479  |r 2025-01-17  |s 2022-11-04  |w 2019-11-23  |y BK  |z Catalogado en:20150514  |k ICR 
952 |0 0  |1 0  |3 erd  |4 0  |6 262_900000000000000_AZN_2013  |7 0  |8 A  |9 468174  |a BIBTEO  |b BIBTEO  |i 5149487  |l 7  |o 262.9 AZN 2013  |p 5149487  |r 2025-01-17  |s 2023-11-08  |w 2019-11-23  |y BK  |z Catalogado en:20150514  |k ICR 
952 |0 0  |1 0  |3 erd  |4 0  |6 262_900000000000000_AZN_2013  |7 0  |8 A  |9 468175  |a BIBTEO  |b BIBTEO  |i 5149495  |o 262.9 AZN 2013  |p 5149495  |r 2025-01-17  |w 2019-11-23  |y BK  |z Catalogado en:20150514  |k ICR 
952 |0 0  |1 0  |3 erd  |4 0  |6 262_900000000000000_AZN_2013  |7 0  |8 A  |9 468176  |a BIBTEO  |b BIBTEO  |i 5149509  |o 262.9 AZN 2013  |p 5149509  |r 2025-01-17  |w 2019-11-23  |y BK  |z Catalogado en:20150514  |k ICR 
952 |0 0  |1 0  |3 erd  |4 0  |6 262_900000000000000_AZN_2013  |7 0  |8 A  |9 468177  |a BIBDER  |b BIBDER  |i 546143K  |o 262.9 AZN 2013  |p 546143K  |r 2023-01-25  |w 2019-11-23  |y BK  |z Catalogado en:20180406  |k DER